[Event "Muensterland Regionalliga Gr1 2223"]
[Site "Germany"]
[Date "2022.09.03"]
[Round "1.5"]
[White "Almohammad, Abbas"]
[Black "Hemmers, Dieter"]
[Result "1/2-1/2"]
[WhiteElo "1706"]
[BlackElo "1765"]
[PlyCount "106"]
[EventDate "2022.09.03"]
[EventType "team-tourn"]
[EventRounds "7"]
[EventCountry "GER"]
[SourceTitle "EXT 2024"]
[Source "ChessBase"]
[SourceDate "2023.10.10"]
[SourceVersion "1"]
[SourceVersionDate "2023.10.10"]
[SourceQuality "1"]
[WhiteTeam "Telgte"]
[BlackTeam "Emsdetten Rochade"]
[WhiteTeamCountry "GER"]
[BlackTeamCountry "GER"]

1. e4 c5 2. Nc3 Nc6 3. Bb5 e6 4. Bxc6 dxc6 5. f4 Nf6 6. d3 Be7 7. Nf3 0-0 8. 0-0 Qb6 9. Na4 Qa5 10. b3 Rd8 11. Bd2 Qc7 12. Qe1 b6 13. Qf2 b5 14. Nb2 Ba6 15. Qe1 Nd7 16. Ba5 Nb6 17. Ng5 Qd7 18. Kh1 Re8 19. Bc3 h6 20. h4 hxg5 21. hxg5 b4 22. Bd2 Bd6 23. Qh4 Kf8 24. g6 Qd8 25. Qh8+ Ke7 26. Qxg7 Rh8+ 27. Kg1 Qf8 28. Qxf7+ Qxf7 29. gxf7 Kxf7 30. e5 Be7 31. g3 Rh3 32. Kg2 Rah8 33. Kf3 Rh2 34. Rad1 R8h3 35. Rf2 Rxf2+ 36. Kxf2 Kg6 37. Kg2 Rh7 38. Nc4 Bxc4 39. dxc4 Kf5 40. Kf3 Rh2 41. g4+ Kg6 42. Kg3 Rh7 43. Be3 a5 44. Rd2 a4 45. Kf3 axb3 46. cxb3 Rh1 47. Ke4 Rh4 48. Kf3 Rh1 49. Bf2 Rh2 50. Kg3 Rh7 51. Kf3 Rh1 52. Bg3 Rh3 53. Kg2 Rh7 1/2-1/2